| 000 | 00979cam a22002775a 4500 | ||
|---|---|---|---|
| 001 | 015830900 | ||
| 003 | OSt | ||
| 005 | 20160201144100.0 | ||
| 008 | 110615s2012 enka frb 001 0 eng d | ||
| 020 | _a9781848859975 (pbk.) | ||
| 020 | _a184885997X (pbk.) | ||
| 040 |
_aStDuBDS _beng _cStDuBDS _dEG-ScBUE |
||
| 082 | 0 | 4 |
_a333.910095694 _222 _bZEI |
| 100 | 1 |
_aZeitoun, Mark. _939206 |
|
| 245 | 1 | 0 |
_aPower and water in the Middle East : _bthe hidden politics of the Palestinian-Israeli water conflict / _cMark Zeitoun. |
| 260 |
_aLondon ; _aNew York : _bI. B. Tauris & Co Ltd., _c2012. |
||
| 300 |
_axviii, 214 p. : _bill. ; _c24 cm. |
||
| 500 | _aIndex : p. 209-214. | ||
| 504 | _aBibliography : p. 191-208. | ||
| 650 | 0 |
_aWater-supply _zMiddle East. _2BUEsh |
|
| 650 | 0 |
_aWater-supply _xPolitical aspects _zMiddle East. _2BUEsh |
|
| 650 | 0 |
_aArab-Israeli conflict _xEnvironmental aspects. _2BUEsh |
|
| 651 | _2BUEsh | ||
| 653 |
_bBUSBOL _cJuly2015 _cJanuary2016 |
||
| 942 | _2ddc | ||
| 999 |
_c20156 _d20128 |
||